[Event "Hradec Kralove op 13th"]
[Site "Hradec Kralove"]
[Date "2023.11.09"]
[Round "7"]
[White "Kulhanek, Tomas"]
[Black "Santos Martinez, Guillermo"]
[Result "1-0"]
[WhiteElo "2322"]
[BlackElo "2112"]
[PlyCount "127"]
[EventDate "2023.11.04"]
[EventType "swiss"]
[EventRounds "9"]
[EventCountry "CZE"]
[SourceTitle "CB46_2023"]
[SourceDate "2023.11.15"]
[SourceVersion "1"]
[SourceVersionDate "2023.11.15"]
[SourceQuality "1"]

1. d4 d5 2. Nc3 Nf6 3. Bf4 c5 4. e4 Nxe4 5. Nxe4 dxe4 6. dxc5 Qxd1+ 7. Rxd1 a6 8. Bc4 Nc6 9. Bd5 Bg4 10. f3 exf3 11. Nxf3 e6 12. Bxc6+ bxc6 13. Bd6 Bxf3 14. gxf3 0-0-0 15. Rg1 g6 16. Rg4 Bxd6 17. cxd6 Kd7 18. Rf4 f5 19. Ra4 Ra8 20. b3 g5 21. Ra5 h5 22. Kf2 g4 23. c4 Rhb8 24. Rd3 gxf3 25. Kxf3 Re8 26. Re5 Rac8 27. b4 Rb8 28. a3 Ra8 29. Rd1 a5 30. b5 cxb5 31. Rxb5 Reb8 32. Kf4 Rxb5 33. cxb5 Rc8 34. Kg5 Rc5 35. a4 Rc4 36. Kxh5 Rxa4 37. Kg5 Rb4 38. h4 Rxb5 39. h5 Rb2 40. Rh1 Kxd6 41. h6 Rb8 42. h7 Rh8 43. Kg6 f4 44. Kg7 Ra8 45. h8Q Rxh8 46. Rxh8 Ke5 47. Kg6 Ke4 48. Kg5 Kf3 49. Rf8 e5 50. Kf5 Ke3 51. Kg4 e4 52. Rc8 f3 53. Kg3 f2 54. Rf8 Kd3 55. Kxf2 e3+ 56. Ke1 Kc3 57. Ra8 Kb4 58. Ke2 a4 59. Kxe3 Kb3 60. Kd3 a3 61. Rb8+ Ka2 62. Kc2 Ka1 63. Rb1+ Ka2 64. Rb3 1-0

[Event "Hradec Kralove op 13th"]
[Site "Hradec Kralove"]
[Date "2023.11.08"]
[Round "6"]
[White "Syzdyk, Samir"]
[Black "Kulhanek, Tomas"]
[Result "0-1"]
[WhiteElo "1639"]
[BlackElo "2322"]
[PlyCount "36"]
[EventDate "2023.11.04"]
[EventType "swiss"]
[EventRounds "9"]
[EventCountry "CZE"]
[SourceTitle "CB46_2023"]
[SourceDate "2023.11.15"]
[SourceVersion "1"]
[SourceVersionDate "2023.11.15"]
[SourceQuality "1"]

1. e4 d6 2. d4 Nf6 3. Nc3 g6 4. f4 Bg7 5. Nf3 0-0 6. Bd3 Nc6 7. e5 dxe5 8. fxe5 Nh5 9. Be3 f6 10. Bc4+ Kh8 11. exf6 exf6 12. 0-0 Re8 13. Qd2 Bg4 14. Rae1 Bxf3 15. gxf3 f5 16. Ne2 Qd6 17. c3 f4 18. Bf2 Ne5 0-1

[Event "CZE-chT 2324"]
[Site "Czech Republic"]
[Date "2023.10.14"]
[Round "1.3"]
[White "Blahynka, Martin"]
[Black "Kulhanek, Tomas"]
[Result "0-1"]
[WhiteElo "2378"]
[BlackElo "2315"]
[PlyCount "130"]
[EventDate "2023.10.14"]
[EventType "team-tourn"]
[EventRounds "11"]
[EventCountry "CZE"]
[SourceTitle "Mega2024 Update 01"]
[Source "Chessbase"]
[SourceDate "2023.11.12"]
[SourceVersion "1"]
[SourceVersionDate "2023.11.12"]
[SourceQuality "1"]
[WhiteTeam "Hostalkova"]
[BlackTeam "Praha Dopravni Podnik"]
[WhiteTeamCountry "CZE"]
[BlackTeamCountry "CZE"]

1. c4 e5 2. Nc3 Nf6 3. Nf3 e4 4. Ng5 c6 5. Ngxe4 Nxe4 6. Nxe4 d5 7. cxd5 cxd5 8. Ng3 h5 9. e3 h4 10. Ne2 Nc6 11. d4 Qf6 12. Nc3 Qg6 13. a3 Bd6 14. h3 Bf5 15. Qf3 0-0 16. Be2 Rac8 17. Bd2 Na5 18. Qxd5 Bc7 19. Bg4 Bd3 20. Rd1 Rcd8 21. Qh5 Qxh5 22. Bxh5 Nb3 23. Bf3 Rfe8 24. Ne2 Bc2 25. Bc3 Bxd1 26. Kxd1 Nc5 27. Kc2 Ne4 28. Bxe4 Rxe4 29. Kd3 Re6 30. Rc1 Rg6 31. Be1 Bd6 32. g4 hxg3 33. fxg3 f5 34. Ba5 Re8 35. Rf1 Rf6 36. Rf3 g5 37. g4 Ref8 38. Bd2 Kg7 39. Bc3 Kg6 40. d5 fxg4 41. Rxf6+ Rxf6 42. hxg4 Rf2 43. Nd4 Be5 44. Ke4 Kf6 45. Nf3 Bxc3 46. bxc3 Ra2 47. Kd4 Rg2 48. Ne5 Rd2+ 49. Nd3 Rg2 50. Ne5 Rd2+ 51. Nd3 Rg2 52. e4 Rxg4 53. c4 Rh4 54. c5 g4 55. e5+ Kf5 56. e6 g3+ 57. Ke3 Rg4 58. e7 Re4+ 59. Kf3 Rxe7 60. d6 Rg7 61. Kg2 Ke6 62. Nf4+ Kd7 63. Nh5 Rg5 64. Nf6+ Kd8 65. Ne4 Re5 0-1

[Event "Prague op 21st"]
[Site "Prague"]
[Date "2023.01.10"]
[Round "6"]
[White "Kulhanek, Tomas"]
[Black "Chubakov, Sultan"]
[Result "1-0"]
[WhiteElo "2320"]
[BlackElo "2039"]
[PlyCount "79"]
[EventDate "2023.01.06"]
[EventType "swiss"]
[EventRounds "9"]
[EventCountry "CZE"]
[SourceTitle "CBM 212 Extra"]
[Source "ChessBase"]
[SourceDate "2023.03.31"]
[SourceVersion "1"]
[SourceVersionDate "2023.03.31"]
[SourceQuality "1"]

1. e4 c6 2. Nc3 d5 3. Nf3 dxe4 4. Nxe4 Nf6 5. Ng3 h5 6. h3 h4 7. Ne2 Bf5 8. d4 Ne4 9. Nf4 e6 10. c3 Nd7 11. Bd3 Bd6 12. Qe2 Ndf6 13. Ng5 Nxg5 14. Bxf5 Bxf4 15. Bxf4 Qd5 16. Qe5 Rh5 17. Qxd5 Nxd5 18. Bxg5 exf5 19. Bd2 Kd7 20. f3 g5 21. c4 Nc7 22. 0-0-0 f4 23. Rhe1 Rhh8 24. Kc2 Rhe8 25. Ba5 b6 26. Bc3 f5 27. Re5 Rxe5 28. dxe5+ Ke7 29. Rd6 c5 30. Rh6 Rf8 31. b4 Ne6 32. Kb3 Kf7 33. Rh7+ Kg6 34. Re7 Nd8 35. b5 Rf7 36. Re8 Nb7 37. e6 Rh7 38. Rg8+ Kh6 39. Bf6 g4 40. e7 1-0

[Event "CZE-chT 2223"]
[Site "Czech Republic"]
[Date "2023.01.08"]
[Round "6.2"]
[White "Kulhanek, Tomas"]
[Black "Vrana, Jan"]
[Result "1-0"]
[WhiteElo "2333"]
[BlackElo "2390"]
[PlyCount "136"]
[EventDate "2022.10.15"]
[EventType "team-tourn"]
[EventRounds "11"]
[EventCountry "CZE"]
[SourceTitle "CBM 213 Extra"]
[Source "ChessBase"]
[SourceDate "2023.05.31"]
[SourceVersion "1"]
[SourceVersionDate "2023.05.31"]
[SourceQuality "1"]
[WhiteTeam "Praha Dopravni Podnik"]
[BlackTeam "Pardubice"]
[WhiteTeamCountry "CZE"]
[BlackTeamCountry "CZE"]

1. e4 e5 2. Nc3 Nc6 3. Bc4 Nf6 4. d3 Na5 5. Nge2 Nxc4 6. dxc4 Bc5 7. 0-0 0-0 8. Qd3 d6 9. Na4 Be6 10. b3 Nd7 11. Ng3 a5 12. Qf3 Bd4 13. Rb1 Qf6 14. Qxf6 Nxf6 15. Bb2 Bxb2 16. Nxb2 g6 17. Na4 Bd7 18. Nc3 a4 19. b4 Be6 20. Nd5 Ne8 21. a3 c6 22. Ne3 f6 23. Ne2 Rf7 24. Nc3 Rc7 25. g3 Kg7 26. Rfd1 f5 27. exf5 gxf5 28. f4 exf4 29. gxf4 Kf6 30. Kf2 Kf7 31. Rd3 Rd7 32. Ncd5 cxd5 33. cxd5 Nf6 34. Kf3 Rc8 35. dxe6+ Kxe6 36. Re1 Ne4 37. c4 Rdc7 38. Nxf5 Kxf5 39. Rxe4 Rxc4 40. Rd5+ Kf6 41. Rxd6+ Kf7 42. Rd7+ Kf6 43. Rxc4 Rxc4 44. Rxh7 Rc3+ 45. Ke4 Rxa3 46. Rxb7 Rb3 47. Kd4 a3 48. Kc5 Rc3+ 49. Kb6 Rc4 50. Kb5 Rxf4 51. Ra7 Rf3 52. Kb6 Ke6 53. b5 Kd6 54. Ra4 Rh3 55. Ra8 Kd5 56. Ra4 Kd6 57. Rd4+ Ke5 58. Rd2 Rb3 59. h4 Rb2 60. Rd8 a2 61. Ra8 Kd5 62. Ra4 Kd6 63. h5 Kd7 64. h6 Rh2 65. h7 Rh6+ 66. Kb7 Rxh7 67. Rxa2 Kd6+ 68. Kb6 Kd5 1-0

[Event "CZE-chT 2223"]
[Site "Czech Republic"]
[Date "2022.12.03"]
[Round "3.2"]
[White "Kulhanek, Tomas"]
[Black "Krejci, Jan1111"]
[Result "0-1"]
[WhiteElo "2333"]
[BlackElo "2514"]
[PlyCount "54"]
[EventDate "2022.10.15"]
[EventType "team-tourn"]
[EventRounds "11"]
[EventCountry "CZE"]
[SourceTitle "CBM 213 Extra"]
[Source "ChessBase"]
[SourceDate "2023.05.31"]
[SourceVersion "1"]
[SourceVersionDate "2023.05.31"]
[SourceQuality "1"]
[WhiteTeam "Praha Dopravni Podnik"]
[BlackTeam "Novoborsky"]
[WhiteTeamCountry "CZE"]
[BlackTeamCountry "CZE"]

1. e4 e5 2. Nf3 Nc6 3. Bc4 Nf6 4. d4 exd4 5. e5 d5 6. Bb5 Nd7 7. 0-0 Be7 8. Bxc6 bxc6 9. Nxd4 Nb8 10. c4 0-0 11. Re1 c5 12. Nb3 c6 13. Be3 Na6 14. N1d2 Be6 15. a3 Rb8 16. Qc2 Qb6 17. Rab1 g6 18. Bh6 Rfd8 19. Qc3 Nc7 20. cxd5 cxd5 21. Qa5 Bf5 22. Rbc1 Ne6 23. Qxb6 Rxb6 24. h3 c4 25. g4 Bd3 26. Re3 g5 27. h4 cxb3 0-1

[Event "Prague Summer op 9th"]
[Site "Prague"]
[Date "2022.08.07"]
[Round "4"]
[White "Kulhanek, Tomas"]
[Black "Mirzoev, Azer"]
[Result "1/2-1/2"]
[WhiteElo "2319"]
[BlackElo "2435"]
[PlyCount "59"]
[EventDate "2022.08.05"]
[EventType "swiss"]
[EventRounds "9"]
[EventCountry "CZE"]
[SourceTitle "CBM 209 Extra"]
[Source "ChessBase"]
[SourceDate "2022.09.30"]
[SourceVersion "1"]
[SourceVersionDate "2022.09.30"]
[SourceQuality "1"]

1. e4 e5 2. Nf3 Nc6 3. Bc4 Bc5 4. c3 Nf6 5. d4 exd4 6. e5 d5 7. Be2 Ne4 8. cxd4 Bb6 9. Nc3 0-0 10. 0-0 Bf5 11. Na4 h6 12. a3 Bh7 13. Be3 f5 14. exf6 Qxf6 15. Nxb6 axb6 16. Rc1 Kh8 17. Bb5 Qd6 18. Re1 Ne7 19. Ne5 c6 20. Bd3 Nf5 21. f3 Nxe3 22. Rxe3 Nf6 23. Bxh7 Kxh7 24. Qd3+ Kg8 25. Rce1 Rae8 26. Qg6 Qc7 27. Ng4 Rxe3 28. Rxe3 Nxg4 29. Qxg4 Qf4 30. Qxf4 1/2-1/2

[Event "Prague op"]
[Site "Prague"]
[Date "2022.06.11"]
[Round "3"]
[White "Kulhanek, Tomas"]
[Black "Garriga Cazorla, Pere"]
[Result "0-1"]
[WhiteElo "2324"]
[BlackElo "2495"]
[PlyCount "104"]
[EventDate "2022.06.10"]
[EventType "swiss"]
[EventRounds "9"]
[EventCountry "CZE"]
[SourceTitle "CBM 208 Extra"]
[Source "ChessBase"]
[SourceDate "2022.07.31"]
[SourceVersion "1"]
[SourceVersionDate "2022.07.31"]
[SourceQuality "1"]

1. e4 c5 2. c3 d5 3. exd5 Nf6 4. d4 cxd4 5. Qxd4 Nxd5 6. Nf3 e6 7. Bb5+ Nc6 8. 0-0 Bd7 9. Bxc6 Bxc6 10. Ne5 Qc7 11. Nxc6 Qxc6 12. Nd2 Ne7 13. Qe4 Rd8 14. Qxc6+ Nxc6 15. Nf3 f6 16. Be3 Bd6 17. Nd4 Nxd4 18. Bxd4 Bb8 19. Rfd1 Kf7 20. Be3 e5 21. f3 Ke6 22. Kf2 f5 23. g3 Rhg8 24. Ke2 Rxd1 25. Rxd1 g5 26. g4 f4 27. Bf2 h5 28. h3 Rh8 29. c4 Bc7 30. b4 Bd6 31. c5 Be7 32. a4 hxg4 33. hxg4 Rh2 34. Kf1 Rh3 35. Kg2 Rh8 36. c6 bxc6 37. Rc1 Bxb4 38. Rxc6+ Kd5 39. Ra6 Rc8 40. Bxa7 Rc2+ 41. Kf1 e4 42. Rb6 Bc5 43. Rb7 Kc6 44. Rg7 Bxa7 45. Rxa7 e3 46. Rg7 Rf2+ 47. Ke1 Rxf3 48. Rxg5 Rg3 49. Re5 Kd6 50. Re4 Rxg4 51. a5 Kd5 52. Re8 Rg2 0-1

[Event "Prague op-A 20th"]
[Site "Prague"]
[Date "2022.01.11"]
[Round "6"]
[White "Kulhanek, Tomas"]
[Black "Haring, Filip"]
[Result "1/2-1/2"]
[WhiteElo "2324"]
[BlackElo "2398"]
[PlyCount "88"]
[EventDate "2022.01.07"]
[EventType "swiss"]
[EventRounds "9"]
[EventCountry "CZE"]
[SourceTitle "CBM 206 Extra"]
[Source "ChessBase"]
[SourceDate "2022.03.31"]
[SourceVersion "1"]
[SourceVersionDate "2022.03.31"]
[SourceQuality "1"]

1. e4 c6 2. d4 d5 3. exd5 cxd5 4. Bf4 Nc6 5. c3 Nf6 6. Nd2 g6 7. Bd3 Bf5 8. Bxf5 gxf5 9. Ngf3 e6 10. Ne5 Bd6 11. Nd3 Ne4 12. Bxd6 Qxd6 13. f3 Nf6 14. Qe2 Nd7 15. g4 Ne7 16. 0-0-0 0-0-0 17. Kb1 h5 18. h3 Rdg8 19. Ne5 Nxe5 20. dxe5 Qb6 21. Nb3 a6 22. Nd4 fxg4 23. hxg4 hxg4 24. fxg4 Ng6 25. Qe3 Qc7 26. Nf3 Qc4 27. Nd4 Rxh1 28. Rxh1 Rh8 29. Rxh8+ Nxh8 30. Qf3 Kd7 31. b3 Qc7 32. Qe3 Ng6 33. Nf3 Ke8 34. Kb2 Kd7 35. a4 Ke8 36. Kc2 Kd7 37. Kb2 Kc8 38. Qa7 Kd7 39. Qe3 Ke7 40. Qg5+ Kf8 41. Qh6+ Ke8 42. Qe3 Kf8 43. Qh6+ Ke8 44. Qe3 Kf8 1/2-1/2

[Event "Prague op-A 20th"]
[Site "Prague"]
[Date "2022.01.10"]
[Round "5"]
[White "Kulhanek, Tomas"]
[Black "Bodicky, Michal"]
[Result "1-0"]
[WhiteElo "2324"]
[BlackElo "2142"]
[PlyCount "57"]
[EventDate "2022.01.07"]
[EventType "swiss"]
[EventRounds "9"]
[EventCountry "CZE"]
[SourceTitle "CBM 206 Extra"]
[Source "ChessBase"]
[SourceDate "2022.03.31"]
[SourceVersion "1"]
[SourceVersionDate "2022.03.31"]
[SourceQuality "1"]

1. e4 c6 2. d4 d5 3. exd5 cxd5 4. Bd3 Nf6 5. c3 Bg4 6. Qb3 Qc7 7. Ne2 Bxe2 8. Bxe2 Nbd7 9. 0-0 e6 10. Nd2 Bd6 11. Nf3 h6 12. Bd3 g5 13. g3 0-0-0 14. Re1 Kb8 15. a4 Ng4 16. a5 Rde8 17. a6 b6 18. Bd2 f5 19. c4 e5 20. Bxf5 dxc4 21. Qb5 Ndf6 22. Rac1 e4 23. Rxc4 Qf7 24. Qc6 Qc7 25. Qb5 Qf7 26. Rec1 exf3 27. Qc6 Bc5 28. Rxc5 bxc5 29. Rxc5 1-0

[Event "Prague op-A 20th"]
[Site "Prague"]
[Date "2022.01.09"]
[Round "4"]
[White "Hlavina, Matous"]
[Black "Kulhanek, Tomas"]
[Result "0-1"]
[WhiteElo "2137"]
[BlackElo "2324"]
[PlyCount "96"]
[EventDate "2022.01.07"]
[EventType "swiss"]
[EventRounds "9"]
[EventCountry "CZE"]
[SourceTitle "CBM 206 Extra"]
[Source "ChessBase"]
[SourceDate "2022.03.31"]
[SourceVersion "1"]
[SourceVersionDate "2022.03.31"]
[SourceQuality "1"]

1. e4 e6 2. d4 d5 3. Nd2 dxe4 4. Nxe4 Nd7 5. Bd3 Ngf6 6. Nf3 Nxe4 7. Bxe4 Nf6 8. Bg5 Qd6 9. Bxf6 gxf6 10. Qe2 Bd7 11. 0-0-0 0-0-0 12. Kb1 f5 13. Bd3 Bg7 14. Rhe1 Bc6 15. c3 Qf4 16. h3 Rhg8 17. Rg1 Bf6 18. Ne1 Qh2 19. Nf3 Qf4 20. Ne1 Rg7 21. g3 Qh6 22. Ng2 Qxh3 23. Nf4 Qg4 24. Qc2 Rgg8 25. Qb3 Bf3 26. Rde1 Kb8 27. a4 Bg5 28. Ng2 Bd2 29. Re5 Bd5 30. Qc2 Bg5 31. Be2 Qh3 32. Rxd5 exd5 33. Bf3 f4 34. Nxf4 Bxf4 35. Rh1 Qe6 36. gxf4 h6 37. a5 Qa6 38. b4 Qf6 39. Qd2 a6 40. Kb2 c6 41. Rh5 Ka7 42. Qe3 Rg1 43. f5 Rg5 44. Qe5 Qxe5 45. dxe5 Re8 46. e6 fxe6 47. Rxg5 hxg5 48. Bh5 Rh8 0-1

[Event "Prague op-A 20th"]
[Site "Prague"]
[Date "2022.01.08"]
[Round "3"]
[White "Kulhanek, Tomas"]
[Black "Pham, Khoi"]
[Result "1/2-1/2"]
[WhiteElo "2324"]
[BlackElo "2114"]
[PlyCount "39"]
[EventDate "2022.01.07"]
[EventType "swiss"]
[EventRounds "9"]
[EventCountry "CZE"]
[SourceTitle "CBM 206 Extra"]
[Source "ChessBase"]
[SourceDate "2022.03.31"]
[SourceVersion "1"]
[SourceVersionDate "2022.03.31"]
[SourceQuality "1"]

1. e4 c5 2. Nf3 Nc6 3. c3 Nf6 4. e5 Nd5 5. d4 cxd4 6. cxd4 d6 7. Bc4 Nb6 8. Bb5 Bd7 9. exd6 e6 10. Bg5 f6 11. Be3 Bxd6 12. Nc3 0-0 13. d5 Nb4 14. Bxd7 Qxd7 15. dxe6 Qxe6 16. 0-0 Nc4 17. Qb3 Rfe8 18. Bd4 Nc6 19. Nb5 a6 20. Nxd6 1/2-1/2

[Event "CZE-chT1W 2122"]
[Site "Czech Republic"]
[Date "2021.11.14"]
[Round "3.5"]
[White "Kulhanek, Tomas"]
[Black "Richtrova, Eliska"]
[Result "1/2-1/2"]
[WhiteElo "2316"]
[BlackElo "2199"]
[PlyCount "55"]
[EventDate "2021.10.10"]
[EventType "team-tourn"]
[EventRounds "11"]
[EventCountry "CZE"]
[SourceTitle "EXT 2023"]
[Source "ChessBase"]
[SourceDate "2022.10.05"]
[SourceVersion "1"]
[SourceVersionDate "2022.10.05"]
[SourceQuality "1"]
[WhiteTeam "Praha DP EA Hotels"]
[BlackTeam "Ceske Budejovice"]
[WhiteTeamCountry "CZE"]
[BlackTeamCountry "CZE"]

1. e4 e5 2. Nf3 Nc6 3. Bb5 a6 4. Ba4 Nf6 5. d3 Bc5 6. 0-0 Qe7 7. c3 Ba7 8. Be3 0-0 9. Nbd2 h6 10. Re1 d6 11. Nf1 b5 12. Bb3 Bd7 13. a4 Bxe3 14. Nxe3 Na5 15. Bc2 c5 16. axb5 axb5 17. Qd2 Rfc8 18. b4 cxb4 19. cxb4 Nc6 20. Rxa8 Rxa8 21. Nd5 Qd8 22. h3 Be6 23. Bb3 Rc8 24. Nxf6+ Qxf6 25. Bxe6 Qxe6 26. Rc1 Ne7 27. Rxc8+ Qxc8 28. d4 1/2-1/2

[Event "CZE-chT1W 2122"]
[Site "Czech Republic"]
[Date "2021.10.10"]
[Round "1.2"]
[White "Kulhanek, Tomas"]
[Black "Spacek, Petr"]
[Result "1-0"]
[WhiteElo "2316"]
[BlackElo "2321"]
[PlyCount "61"]
[EventDate "2021.10.10"]
[EventType "team-tourn"]
[EventRounds "11"]
[EventCountry "CZE"]
[SourceTitle "EXT 2023"]
[Source "ChessBase"]
[SourceDate "2022.10.05"]
[SourceVersion "1"]
[SourceVersionDate "2022.10.05"]
[SourceQuality "1"]
[WhiteTeam "Praha DP EA Hotels"]
[BlackTeam "Lysa nad Labem III"]
[WhiteTeamCountry "CZE"]
[BlackTeamCountry "CZE"]

1. e4 e5 2. Nf3 Nc6 3. Bc4 Nf6 4. Ng5 d5 5. exd5 Na5 6. Bb5+ c6 7. dxc6 bxc6 8. Bd3 Nd5 9. Nf3 Bd6 10. 0-0 0-0 11. Re1 f5 12. Nxe5 Qf6 13. Nf3 g5 14. c4 Nb4 15. Bf1 g4 16. a3 Na6 17. d4 gxf3 18. c5 fxg2 19. Bxg2 Bc7 20. b4 Nb7 21. Qb3+ Qf7 22. Qxf7+ Kxf7 23. Bxc6 Nb8 24. Bd5+ Kf6 25. Nc3 a6 26. Bf3 Rf7 27. Nd5+ Kg7 28. Nxc7 Rxc7 29. Bf4 Rc6 30. Kh1 Nd8 31. Re8 1-0

[Event "Prague Menchik Memorial Rapid"]
[Site "Prague"]
[Date "2021.09.28"]
[Round "5"]
[White "Delgerdalai, Bayarjavkhlan"]
[Black "Kulhanek, Tomas"]
[Result "0-1"]
[WhiteElo "2086"]
[BlackElo "2316"]
[PlyCount "94"]
[EventDate "2021.09.28"]
[EventType "swiss (rapid)"]
[EventRounds "9"]
[EventCountry "CZE"]
[SourceTitle "CBM 204 Extra"]
[Source "ChessBase"]
[SourceDate "2021.11.30"]
[SourceVersion "1"]
[SourceVersionDate "2021.11.30"]
[SourceQuality "1"]

1. e4 e6 2. d4 d5 3. e5 c5 4. c3 Nc6 5. Nf3 Qb6 6. Bd3 cxd4 7. 0-0 Bd7 8. Nbd2 dxc3 9. bxc3 Nge7 10. Re1 Ng6 11. Nb3 Qc7 12. Qe2 Be7 13. g3 h6 14. h4 a6 15. h5 Nf8 16. a4 f6 17. exf6 gxf6 18. Be3 e5 19. Nh4 e4 20. Bc2 Ne5 21. Nd4 Bg4 22. Qd2 Bxh5 23. Ndf5 0-0-0 24. Bb6 Qxb6 25. Nxe7+ Kb8 26. Nxd5 Qc5 27. Bxe4 Ne6 28. Rab1 Ng5 29. Bg2 Bf3 30. Nb4 Ka7 31. Qf4 Bxg2 32. Kxg2 a5 33. Nc2 Qc6+ 34. Kf1 Qh1+ 35. Ke2 Qe4+ 36. Qxe4 Nxe4 37. Ne3 Nxc3+ 38. Kf1 Nxb1 39. Rxb1 Rd4 40. Nhf5 Rb4 41. Rc1 Rd8 42. f4 Nf3 43. Kf2 Nd4 44. Nxh6 Rb2+ 45. Kf1 Nf3 46. Nhg4 Rh8 47. Ng2 Rh1# 0-1

[Event "Prague Menchik Memorial Rapid"]
[Site "Prague"]
[Date "2021.09.28"]
[Round "6"]
[White "Kulhanek, Tomas"]
[Black "Netusil, Miloslav"]
[Result "1-0"]
[WhiteElo "2316"]
[BlackElo "2141"]
[PlyCount "27"]
[EventDate "2021.09.28"]
[EventType "swiss (rapid)"]
[EventRounds "9"]
[EventCountry "CZE"]
[SourceTitle "CBM 204 Extra"]
[Source "ChessBase"]
[SourceDate "2021.11.30"]
[SourceVersion "1"]
[SourceVersionDate "2021.11.30"]
[SourceQuality "1"]

1. e4 e6 2. d4 d5 3. Nd2 dxe4 4. Nxe4 Qd5 5. Bd3 Nf6 6. Qe2 Nxe4 7. Bxe4 Qxd4 8. Nf3 Qd8 9. Bd2 Be7 10. 0-0-0 Nd7 11. h4 0-0 12. Ng5 Nf6 13. Bc3 Qe8 14. Bxf6 1-0

[Event "Prague Menchik Memorial Rapid"]
[Site "Prague"]
[Date "2021.09.28"]
[Round "3"]
[White "Minbayev, Bolatbek"]
[Black "Kulhanek, Tomas"]
[Result "0-1"]
[WhiteElo "2078"]
[BlackElo "2316"]
[PlyCount "66"]
[EventDate "2021.09.28"]
[EventType "swiss (rapid)"]
[EventRounds "9"]
[EventCountry "CZE"]
[SourceTitle "CBM 204 Extra"]
[Source "ChessBase"]
[SourceDate "2021.11.30"]
[SourceVersion "1"]
[SourceVersionDate "2021.11.30"]
[SourceQuality "1"]

1. e4 e6 2. d4 d5 3. Nd2 c5 4. Ngf3 cxd4 5. Nxd4 Nc6 6. Nxc6 bxc6 7. Bd3 Nf6 8. 0-0 Be7 9. Qe2 Qc7 10. c4 0-0 11. b3 a5 12. Bb2 a4 13. cxd5 cxd5 14. Rac1 Qa7 15. e5 Nd7 16. Nf3 Ba6 17. Bxa6 Qxa6 18. Qxa6 Rxa6 19. Rc7 Rd8 20. Nd4 axb3 21. Nc6 Rxc6 22. Rxc6 bxa2 23. Ra6 f6 24. exf6 Bxf6 25. Bxf6 Nxf6 26. Rxe6 Ra8 27. Ra1 Rb8 28. f3 Rb2 29. Kf1 Ne4 30. fxe4 Rb1+ 31. Kf2 Rxa1 32. Ra6 dxe4 33. Ra7 e3+ 0-1

[Event "Prague Autumn op 1st"]
[Site "Prague"]
[Date "2021.09.26"]
[Round "4"]
[White "Lohia, Sohum"]
[Black "Kulhanek, Tomas"]
[Result "0-1"]
[WhiteElo "1830"]
[BlackElo "2315"]
[PlyCount "104"]
[EventDate "2021.09.24"]
[EventType "swiss"]
[EventRounds "5"]
[EventCountry "CZE"]
[SourceTitle "CBM 204 Extra"]
[Source "ChessBase"]
[SourceDate "2021.11.30"]
[SourceVersion "1"]
[SourceVersionDate "2021.11.30"]
[SourceQuality "1"]

1. e4 e6 2. d4 d5 3. Nc3 dxe4 4. Nxe4 Nd7 5. Nf3 Ngf6 6. Bg5 Be7 7. Bxf6 Nxf6 8. Bd3 0-0 9. 0-0 b6 10. Re1 Bb7 11. c3 c5 12. Qc2 g6 13. Nxf6+ Bxf6 14. Be4 Bxe4 15. Qxe4 cxd4 16. Rad1 Qc7 17. Nxd4 Qc4 18. Nb3 Qxe4 19. Rxe4 Rfd8 20. Ree1 a5 21. Nd2 b5 22. Ne4 Be7 23. Kf1 b4 24. c4 f5 25. Nd2 Bf6 26. c5 Bxb2 27. Nc4 Bc3 28. Rxd8+ Rxd8 29. Re3 Rc8 30. Nxa5 Rxc5 31. Nb3 Rc6 32. f4 Ra6 33. Re2 Kf7 34. Kf2 h6 35. h4 Bf6 36. g3 Bc3 37. Kf3 Rc6 38. Rc2 Rd6 39. Ke3 e5 40. fxe5 Bxe5 41. Rg2 Rc6 42. g4 Rc3+ 43. Kd2 Rh3 44. h5 g5 45. gxf5 Kf6 46. Nc5 Bf4+ 47. Ke2 Kxf5 48. Nd3 Re3+ 49. Kd2 Rg3+ 50. Nxf4 gxf4 51. Re2 Ra3 52. Ke1 Re3 0-1

[Event "Prague Summer op-A 8th"]
[Site "Prague"]
[Date "2021.08.10"]
[Round "6"]
[White "Shehzad, Shazil Khan"]
[Black "Kulhanek, Tomas"]
[Result "1-0"]
[WhiteElo "2196"]
[BlackElo "2314"]
[PlyCount "111"]
[EventDate "2021.08.06"]
[EventType "swiss"]
[EventRounds "9"]
[EventCountry "CZE"]
[SourceTitle "CBM 203 Extra"]
[Source "ChessBase"]
[SourceDate "2021.09.30"]
[SourceVersion "1"]
[SourceVersionDate "2021.09.30"]
[SourceQuality "1"]

1. e4 e6 2. d4 d5 3. Nc3 Bb4 4. exd5 exd5 5. Bd3 Nc6 6. a3 Ba5 7. Nge2 Nge7 8. 0-0 0-0 9. Na4 Bf5 10. Nc5 Rb8 11. b4 Bb6 12. Nb3 Qd7 13. c3 Ng6 14. a4 a5 15. b5 Nce7 16. Ng3 Bxd3 17. Qxd3 Rfe8 18. Ba3 Nf4 19. Qf3 Neg6 20. Nh5 Nxh5 21. Qxh5 Qe6 22. g3 Qe4 23. Rac1 Re6 24. Rfe1 Qxe1+ 25. Rxe1 Rxe1+ 26. Kg2 Rd8 27. Qg5 Ree8 28. h4 h6 29. Qf5 Re6 30. h5 Ne7 31. Qg4 Kh8 32. Nd2 c6 33. Nf1 Ng8 34. Ne3 Nf6 35. Qd1 cxb5 36. axb5 g6 37. hxg6 fxg6 38. Qf3 Kg7 39. c4 Bxd4 40. Nxd5 Nxd5 41. cxd5 Ree8 42. d6 Rf8 43. Qxb7+ Rf7 44. Qe4 Rxf2+ 45. Kh3 Bf6 46. Qb7+ Kg8 47. Qd5+ Kg7 48. Bc5 Rf5 49. Qc6 g5 50. b6 h5 51. b7 Kg6 52. Ba7 Re5 53. Qc2+ Kh6 54. b8Q Rxb8 55. Bxb8 Rb5 56. Qc8 1-0

[Event "Prague Summer op-A 8th"]
[Site "Prague"]
[Date "2021.08.06"]
[Round "1"]
[White "Kulhanek, Tomas"]
[Black "Vavruska, Antonin"]
[Result "1-0"]
[WhiteElo "2314"]
[BlackElo "1966"]
[PlyCount "77"]
[EventDate "2021.08.06"]
[EventType "swiss"]
[EventRounds "9"]
[EventCountry "CZE"]
[SourceTitle "CBM 203 Extra"]
[Source "ChessBase"]
[SourceDate "2021.09.30"]
[SourceVersion "1"]
[SourceVersionDate "2021.09.30"]
[SourceQuality "1"]

1. e4 e6 2. d4 d5 3. Nd2 dxe4 4. Nxe4 Nd7 5. Nf3 Be7 6. Bd3 Ngf6 7. Nxf6+ Nxf6 8. Qe2 0-0 9. Bg5 Qd5 10. 0-0 Rd8 11. c4 Qa5 12. a3 c6 13. Rad1 Qc7 14. Bb1 b6 15. Ne5 Bb7 16. Qd3 g6 17. Qh3 Nh5 18. Bxe7 Qxe7 19. Rfe1 Qg5 20. Qf3 Qf4 21. Be4 Rac8 22. Qb3 Rc7 23. c5 b5 24. g3 Qg5 25. Qf3 Rdc8 26. a4 a6 27. axb5 axb5 28. Bc2 Qd8 29. Ng4 Ra8 30. Bb3 Qg5 31. Re5 Qd8 32. Rxh5 gxh5 33. Nf6+ Kh8 34. Qf4 Kg7 35. Qg5+ Kf8 36. Nxh7+ Ke8 37. Nf6+ Kf8 38. Bxe6 Bc8 39. Qg8+ 1-0

[Event "Prague Opocensky Memorial"]
[Site "Prague"]
[Date "2021.07.14"]
[Round "5"]
[White "Rasik, Vitezslav"]
[Black "Kulhanek, Tomas"]
[Result "1/2-1/2"]
[WhiteElo "2437"]
[BlackElo "2314"]
[PlyCount "35"]
[EventDate "2021.07.10"]
[EventType "tourn"]
[EventRounds "9"]
[EventCountry "CZE"]
[EventCategory "6"]
[SourceTitle "CBM 203 Extra"]
[Source "ChessBase"]
[SourceDate "2021.09.30"]
[SourceVersion "1"]
[SourceVersionDate "2021.09.30"]
[SourceQuality "1"]

1. e4 e6 2. d3 d5 3. Nd2 Nf6 4. Ngf3 b6 5. e5 Nfd7 6. d4 c5 7. c3 Be7 8. Bb5 Ba6 9. a4 Bxb5 10. axb5 a6 11. 0-0 Qc7 12. Re1 0-0 13. Qa4 Rc8 14. b3 Qb7 15. Bb2 a5 16. h3 Nf8 17. dxc5 bxc5 18. c4 1/2-1/2